000 00936 a2200193 4500
003 Nust
005 20170207153319.0
010 _a48040046
040 _cNust
082 _a641.502
100 _aBetty E. Norris.
245 _aEveryday cookery for India and Pakistan
_b875 tried and tested recipes for delicious dishes & drinks
_cBetty E. Norris & Mrs. R.Pastakia,
260 _aBombay,
_bD.B. Taraporevala Sons
_c1947
300 _axii, 255 p
_billus
_c19 cm
505 _aAppetisers (Page-1) Appetisers (Page-4) Canapes (Page-9) Fruit Juice Cocktails (Page-13) I\Ordinary Stock Vegetarian Stock (Page-16) Vegetarian Soups (Page-17) Salads (Page-26) Meat Dishes (Page-35) Meat Dishes (Page-39) Meat Dishes (Page-43) Meat Dishes (Page-46) Poultry and Game (Page-49).
538 _aAlmirah No.43 Shelf No. 4
600 _aBetty E. Norris
650 _aEveryday cookery for India; 875 tried and tested recipes for delicious dishes & drinks
942 _2ddc
_cBK
999 _c184047
_d184047